[Event "Hessen-ch U12"]
[Site "Bad Homburg"]
[Date "2014.??.??"]
[Round "1"]
[White "Volkov, Michael"]
[Black "Yukelson, Tamar"]
[Result "1-0"]
[WhiteElo "1223"]
[BlackElo "765"]
[PlyCount "77"]
[EventDate "2014.04.??"]
[EventType "swiss"]
[EventRounds "9"]
[EventCountry "GER"]
[SourceTitle "EXT 2022"]
[Source "ChessBase"]
[SourceDate "2021.10.06"]
[SourceVersion "1"]
[SourceVersionDate "2021.10.06"]
[SourceQuality "1"]

1. e4 c6 2. d4 d5 3. exd5 cxd5 4. Nc3 Nc6 5. Nf3 Bg4 6. Be3 e6 7. h3 Bh5 8. Be2 Nf6 9. a3 Bd6 10. g4 Bg6 11. Nh4 Be4 12. Nxe4 Nxe4 13. Nf3 0-0 14. Nd2 Nxd2 15. Qxd2 Qb6 16. Rb1 Bxa3 17. b3 g6 18. h4 Ne7 19. h5 Qb4 20. c3 Qb6 21. hxg6 Nxg6 22. Bh6 Rfe8 23. Qg5 Qd8 24. Qh5 f6 25. Bd3 f5 26. Kd2 Qf6 27. Bg5 Qf7 28. gxf5 exf5 29. Bxf5 b5 30. b4 a5 31. bxa5 Rxa5 32. Rbg1 b4 33. Bxg6 Qxg6 34. Be3 Bc1+ 35. Kd1 Qxg1+ 36. Rxg1+ Kf8 37. Bxc1 Ra1 38. Qxh7 b3 39. Rg8# 1-0

[Event "Hessen-ch U12"]
[Site "Bad Homburg"]
[Date "2013.??.??"]
[Round "5"]
[White "Buermann, Theresia"]
[Black "Volkov, Michael"]
[Result "1/2-1/2"]
[WhiteElo "1276"]
[BlackElo "1116"]
[PlyCount "103"]
[EventDate "2013.03.??"]
[EventType "swiss"]
[EventRounds "9"]
[EventCountry "GER"]
[SourceTitle "EXT 2014"]
[Source "ChessBase"]
[SourceDate "2013.11.20"]
[SourceVersion "1"]
[SourceVersionDate "2013.11.20"]
[SourceQuality "1"]

1. e4 e5 2. Nf3 Nc6 3. Bc4 Bc5 4. 0-0 d6 5. h3 Nf6 6. Nc3 h6 7. d3 0-0 8. a3 Be6 9. Bxe6 fxe6 10. Na4 Bb6 11. Nxb6 axb6 12. Be3 d5 13. exd5 exd5 14. d4 e4 15. Ne5 Qe8 16. Nxc6 bxc6 17. Bf4 Qe7 18. Be5 Rad8 19. b4 c5 20. Bxf6 Rxf6 21. Qd2 cxd4 22. Qxd4 Rc6 23. Qd2 Qg5 24. Qxg5 hxg5 25. Ra2 Rc3 26. Rd1 d4 27. Kf1 d3 28. Ke1 Kh7 29. a4 dxc2 30. Rxc2 Rxc2 31. Rxd8 Rc4 32. Rc8 Rxb4 33. Rxc7 Rxa4 34. Rb7 Rb4 35. Kd2 Rb2+ 36. Ke3 b5 37. Kxe4 Rxf2 38. Rxb5 Rxg2 39. h4 Kh6 40. Kf3 Rg1 41. Kf2 Rg4 42. hxg5+ Rxg5 43. Rb6+ Kh5 44. Rb3 Rf5+ 45. Kg2 g5 46. Rh3+ Kg4 47. Rg3+ Kf4 48. Rf3+ Ke4 49. Rg3 Ra5 50. Kh3 Kf5 51. Rf3+ Kg6 52. Rg3 1/2-1/2

[Event "Hessen-ch U10"]
[Site "Bad Homburg"]
[Date "2012.??.??"]
[Round "9"]
[White "Buermann, Theresia"]
[Black "Volkov, Michael"]
[Result "1/2-1/2"]
[WhiteElo "954"]
[BlackElo "1227"]
[PlyCount "25"]
[EventDate "2012.04.??"]
[EventType "swiss"]
[EventRounds "9"]
[EventCountry "GER"]
[SourceTitle "EXT 2015"]
[Source "ChessBase"]
[SourceDate "2014.11.20"]
[SourceVersion "1"]
[SourceVersionDate "2014.11.20"]
[SourceQuality "1"]

1. e4 e5 2. Nf3 Nc6 3. Bc4 Bc5 4. 0-0 Nf6 5. d4 exd4 6. e5 Ne4 7. Re1 d5 8. exd6 Bf5 9. dxc7 Qxc7 10. Nbd2 Qe7 11. Nxe4 Bxe4 12. Bd3 f5 13. Bg5 1/2-1/2

[Event "Hessen-ch U10"]
[Site "Bad Homburg"]
[Date "2012.??.??"]
[Round "2"]
[White "Volkov, Michael"]
[Black "Baladjaev, Emin1111"]
[Result "1-0"]
[WhiteElo "1227"]
[BlackElo "759"]
[PlyCount "71"]
[EventDate "2012.04.??"]
[EventType "swiss"]
[EventRounds "9"]
[EventCountry "GER"]
[SourceTitle "EXT 2015"]
[Source "ChessBase"]
[SourceDate "2014.11.20"]
[SourceVersion "1"]
[SourceVersionDate "2014.11.20"]
[SourceQuality "1"]

1. e4 e5 2. Nf3 Nc6 3. Nc3 Nf6 4. Bc4 Bc5 5. d3 d6 6. Bg5 Bg4 7. Qe2 Nd4 8. Qd1 h6 9. Be3 Nxf3+ 10. gxf3 Bxe3 11. fxe3 Bh3 12. Qd2 0-0 13. 0-0-0 Nh5 14. Rdg1 Qf6 15. Qf2 g5 16. Ne2 g4 17. Ng3 Nxg3 18. Rxg3 Kh7 19. Rhg1 Rg8 20. Qe2 Qe6 21. Bxe6 fxe6 22. fxg4 Bxg4 23. Rxg4 Raf8 24. Rxg8 Rxg8 25. Rxg8 Kxg8 26. d4 exd4 27. exd4 Kh7 28. Kd2 d5 29. Ke3 dxe4 30. Kf4 e3 31. Ke5 c6 32. Kf6 h5 33. Qg2 h4 34. Qh3 e2 35. Qg4 e1Q 36. Qg7# 1-0

[Event "Hessen-ch U10"]
[Site "Bad Homburg"]
[Date "2012.??.??"]
[Round "4"]
[White "Volkov, Michael"]
[Black "Wallrabenstein, Maja"]
[Result "1/2-1/2"]
[WhiteElo "1227"]
[BlackElo "991"]
[PlyCount "124"]
[EventDate "2012.04.??"]
[EventType "swiss"]
[EventRounds "9"]
[EventCountry "GER"]
[SourceTitle "EXT 2015"]
[Source "ChessBase"]
[SourceDate "2014.11.20"]
[SourceVersion "1"]
[SourceVersionDate "2014.11.20"]
[SourceQuality "1"]

1. e4 e5 2. Nf3 Nc6 3. Nc3 b6 4. Bc4 Bb7 5. d3 Nf6 6. 0-0 Bc5 7. Bg5 0-0 8. Nd5 Be7 9. Nxf6+ Bxf6 10. Be3 Re8 11. Qd2 d6 12. Rfe1 Qd7 13. Rad1 Rad8 14. c3 h6 15. Qc2 Qc8 16. b4 a6 17. Qb3 Rf8 18. Bc1 a5 19. d4 axb4 20. dxe5 dxe5 21. Rxd8 Qxd8 22. cxb4 Nd4 23. Nxd4 exd4 24. f3 Bg5 25. Bxg5 Qxg5 26. Rd1 c5 27. bxc5 Qxc5 28. Rd3 Bc6 29. Kf1 b5 30. Bd5 Bxd5 31. exd5 Qc4 32. Qxc4 bxc4 33. Rxd4 c3 34. Rc4 Rd8 35. Rxc3 Rxd5 36. Ke2 Kf8 37. Rd3 Re5+ 38. Kf2 Ra5 39. Rd2 Ke7 40. Ke3 Ra3+ 41. Kd4 Ra8 42. Ke5 f6+ 43. Kf5 Kf7 44. f4 g6+ 45. Kg4 Ra4 46. Kf3 Ra3+ 47. Kf2 Ke6 48. g3 g5 49. fxg5 hxg5 50. Ke2 Kf5 51. Kf2 Kg4 52. Rc2 Kh3 53. Kg1 f5 54. Rf2 f4 55. gxf4 gxf4 56. Rxf4 Rxa2 57. Rf3+ Kg4 58. Rg3+ Kf4 59. Rh3 Ra1+ 60. Kf2 Ra2+ 61. Ke1 Kg4 62. Rg3+ Kh4 1/2-1/2

[Event "GER-ch U10"]
[Site "Oberhof"]
[Date "2011.06.17"]
[Round "10"]
[White "Volkov, Michael"]
[Black "Rosenthal, Moritz"]
[Result "0-1"]
[WhiteElo "1056"]
[BlackElo "847"]
[PlyCount "82"]
[EventDate "2011.06.11"]
[EventType "swiss"]
[EventRounds "11"]
[EventCountry "GER"]
[SourceTitle "CBM 142 Extra"]
[Source "ChessBase"]
[SourceDate "2011.06.27"]
[SourceVersion "1"]
[SourceVersionDate "2011.06.27"]
[SourceQuality "1"]

1. e4 e5 2. Nf3 Nc6 3. Nc3 Nf6 4. Bc4 Bc5 5. 0-0 d6 6. d3 Na5 7. Bb3 Nxb3 8. axb3 h6 9. Nd5 c6 10. Nc3 0-0 11. Be3 Bb6 12. Ne2 Re8 13. Ng3 d5 14. h3 d4 15. Bd2 Bd7 16. Nh2 Qc7 17. Nh5 Qd6 18. Qf3 Nxh5 19. Qxh5 Qf6 20. Qf3 Qxf3 21. Nxf3 Rad8 22. Ba5 f6 23. Bxb6 axb6 24. c3 c5 25. cxd4 cxd4 26. Rfc1 Rc8 27. Rxc8 Rxc8 28. Ra7 Bb5 29. Rxb7 Bxd3 30. Rxb6 Bxe4 31. Ra6 Rc2 32. Ra2 d3 33. Ra1 Bxf3 34. gxf3 d2 35. Ra8+ Kh7 36. Rd8 Rc1+ 37. Kg2 d1Q 38. Rxd1 Rxd1 39. Kg3 Rb1 40. f4 exf4+ 41. Kxf4 Rxb2 0-1